000 00306nam a22001457a 4500
008 210310b ||||| |||| 00| 0 eng d
020 _a9780618273911
041 _aeng
080 _29th
_a338
082 _a338
100 _a53
101 _aMEN
245 _aManagement
_cKreitner,R
942 _2udc
_cBK
999 _c56158
_d56158